000 00751nam a2200241Ia 4500
005 20260430150719.0
008 008 250103s9999 xx 000 0 eng d
037 _aTheses
040 _aCRL
040 _beng
040 _ceng
041 _2eng
041 _aeng
084 _qCRL
100 _aGoswami Nikita Au.; Khare Garima Gu.
_91238274
245 0 _aInvestigating the Role of Downstream Targets of Mycobacterium Tuberculosis Transcriptional Regulator VirS and identification of novel VirS inhibitors
260 _c2024
300 _a158p.
650 _aBiochemistry
700 _aUniversity of Delhi. Faculty of Inter-Disciplinary&Applied Science. Deptt. of Biochemistry
_91238155
942 _cTH
999 _c1850446
_d1850446